MARC

LEADER 00000nam0a2200000 4500
001 311868
005 20231102002428.0
035 |a (RuTPU)RU\TPU\book\337233 
090 |a 311868 
100 |a 20151214d1966 km y0rusy50 ca 
101 0 |a rus 
102 |a RU 
105 |a a g 001zy 
200 1 |a Краткий справочник цехового механика  |f Г. С. Борисов, В. П. Сахаров 
210 |a Москва  |c Машиностроение  |d 1966 
215 |a 669 с.  |c ил. 
320 |a Библиогр.: с. 633-641. 
320 |a Предметный указатель: с. 641-665. 
516 1 |a Справочник цехового механика 
606 1 |a Машиностроение  |2 stltpush  |3 (RuTPU)RU\TPU\subj\71949  |9 85607 
610 1 |a справочники 
610 1 |a машины 
610 1 |a механизмы 
610 1 |a смазочные устройства 
610 1 |a уплотнительные устройства 
610 1 |a перегрузки 
610 1 |a поломки 
610 1 |a общеслесарные работы 
610 1 |a слесарно-сборочные работы 
610 1 |a опиливание 
610 1 |a распиливание 
610 1 |a пригоночные операции 
610 1 |a металлы 
610 1 |a резка 
610 1 |a шабрение 
610 1 |a притирка 
610 1 |a сверление 
610 1 |a разборка 
610 1 |a сборка 
610 1 |a станки 
610 1 |a ремонт 
610 1 |a детали 
610 1 |a восстановление 
610 1 |a сварка 
610 1 |a валы 
610 1 |a оси 
610 1 |a шпиндели 
610 1 |a подшипники 
610 1 |a соединения 
610 1 |a цепи 
610 1 |a передачи 
675 |a 621.002(035)  |v 4 
700 1 |a Борисов  |b Г. С.  |g Георгий Сергеевич 
701 1 |a Сахаров  |b В. П.  |g Виктор Петрович 
801 1 |a RU  |b 63413507  |c 20151214 
801 2 |a RU  |b 63413507  |c 20151221  |g RCR 
942 |c BK